| 000 -LEADER |
| fixed length control field |
02786cam a22004817a 4500 |
| 001 - CONTROL NUMBER |
| control field |
16637668 |
| 005 - DATE AND TIME OF LATEST TRANSACTION |
| control field |
20170105102932.0 |
| 008 - FIXED-LENGTH DATA ELEMENTS--GENERAL INFORMATION |
| fixed length control field |
110204s2010 enk b 001 0 eng |
| 010 ## - LIBRARY OF CONGRESS CONTROL NUMBER |
| LC control number |
2010284065 |
| 015 ## - NATIONAL BIBLIOGRAPHY NUMBER |
| National bibliography number |
GBB039160 |
| Source |
bnb |
| 016 7# - NATIONAL BIBLIOGRAPHIC AGENCY CONTROL NUMBER |
| Record control number |
015510636 |
| Source |
Uk |
| 020 ## - INTERNATIONAL STANDARD BOOK NUMBER |
| International Standard Book Number |
9780199589906 (hbk.) |
| 020 ## - INTERNATIONAL STANDARD BOOK NUMBER |
| International Standard Book Number |
0199589909 (hbk.) |
| 035 ## - SYSTEM CONTROL NUMBER |
| System control number |
(OCoLC)ocn559788085 |
| 040 ## - CATALOGING SOURCE |
| Original cataloging agency |
UKM |
| Transcribing agency |
UKM |
| Modifying agency |
YDXCP |
| -- |
CDX |
| -- |
DBI |
| -- |
DLC |
| 042 ## - AUTHENTICATION CODE |
| Authentication code |
lccopycat |
| 050 00 - LIBRARY OF CONGRESS CALL NUMBER |
| Classification number |
JZ5665 |
| Item number |
.G68 2010 |
| 082 04 - DEWEY DECIMAL CLASSIFICATION NUMBER |
| Classification number |
327.1747 |
| Edition number |
22 |
| Author Mark |
GOV 2010 |
| 245 00 - TITLE STATEMENT |
| Title |
Governing the bomb : |
| Remainder of title |
civilian control and democratic accountability of nuclear weapons / |
| Statement of responsibility, etc. |
edited by Hans Born, Bates Gill, Heiner Hanggi. |
| 246 30 - VARYING FORM OF TITLE |
| Title proper/short title |
Civilian control and democratic accountability of nuclear weapons |
| 260 ## - PUBLICATION, DISTRIBUTION, ETC. |
| Place of publication, distribution, etc. |
Oxford : |
| Name of publisher, distributor, etc. |
Oxford University Press, |
| Date of publication, distribution, etc. |
2010. |
| 300 ## - PHYSICAL DESCRIPTION |
| Extent |
xiii, 249 p. ; |
| Dimensions |
24 cm. |
| 500 ## - GENERAL NOTE |
| General note |
Part of an effort by the the Geneva Centre for the Democratic Control of the Armed Forces (DCAF) and Stockholm International Peace Research Institute (SIPRI) to bring comprehensive analysis to a wide audience and to encourage discussion on nuclear weapons and disarmament from a security sector governance perspective -- pref. ([viii] |
| 504 ## - BIBLIOGRAPHY, ETC. NOTE |
| Bibliography, etc. note |
Includes bibliographical references and index. |
| 505 2# - FORMATTED CONTENTS NOTE |
| Formatted contents note |
Introduction / Hans Born, Bates Gill and Heiner Hanggi -- The United States / Peter D. Feaver and Kristen Thompson Sharp -- Russia / Alexei Arbatov -- The United Kingdom / John Simpson and Jenny Nielsen -- France / Bruno Tertrais -- China / Bates Gill and Evan S. Medeiros -- Israel / Avner Cohen -- India / Waheguru Pal Singh Sidhu -- Pakistan / Zafar Iqbal Cheema -- Conclusion / Hans Born and Bates Gill -- Appendix A. World nuclear forces, 2010. |
| 520 ## - SUMMARY, ETC. |
| Summary, etc. |
"...explores the roles played by various actors in the domestic governance of nuclear weapons in eight possessor states--the USA, Russia, the United Kingdom, France, China, Israel, India, and Pakistan..." -- p.2 |
| 650 #0 - SUBJECT ADDED ENTRY--TOPICAL TERM |
| Topical term or geographic name entry element |
Nuclear arms control. |
| 650 #0 - SUBJECT ADDED ENTRY--TOPICAL TERM |
| Topical term or geographic name entry element |
Nuclear arms control |
| General subdivision |
Government policy. |
| 650 #0 - SUBJECT ADDED ENTRY--TOPICAL TERM |
| Topical term or geographic name entry element |
Nuclear arms control |
| General subdivision |
Decision making. |
| 650 #0 - SUBJECT ADDED ENTRY--TOPICAL TERM |
| Topical term or geographic name entry element |
Civil-military relations. |
| 650 #0 - SUBJECT ADDED ENTRY--TOPICAL TERM |
| Topical term or geographic name entry element |
Nuclear arms control |
| Form subdivision |
Case studies. |
| 650 #0 - SUBJECT ADDED ENTRY--TOPICAL TERM |
| Topical term or geographic name entry element |
Nuclear arms control |
| General subdivision |
Government policy |
| Form subdivision |
Case studies. |
| 650 #0 - SUBJECT ADDED ENTRY--TOPICAL TERM |
| Topical term or geographic name entry element |
Nuclear arms control |
| General subdivision |
Decision making |
| Form subdivision |
Case studies. |
| 650 #0 - SUBJECT ADDED ENTRY--TOPICAL TERM |
| Topical term or geographic name entry element |
Civil-military relations |
| Form subdivision |
Case studies. |
| 700 1# - ADDED ENTRY--PERSONAL NAME |
| Personal name |
Born, H. |
| Fuller form of name |
(Hans), |
| Dates associated with a name |
1964- |
| 700 1# - ADDED ENTRY--PERSONAL NAME |
| Personal name |
Gill, Bates. |
| 700 1# - ADDED ENTRY--PERSONAL NAME |
| Personal name |
Hänggi, Heiner. |
| 710 2# - ADDED ENTRY--CORPORATE NAME |
| Corporate name or jurisdiction name as entry element |
Stockholm International Peace Research Institute |
| 710 2# - ADDED ENTRY--CORPORATE NAME |
| Corporate name or jurisdiction name as entry element |
Geneva Centre for the Democratic Control of Armed Forces. |
| 906 ## - LOCAL DATA ELEMENT F, LDF (RLIN) |
| a |
7 |
| b |
cbc |
| c |
copycat |
| d |
2 |
| e |
ncip |
| f |
20 |
| g |
y-gencatlg |
| 942 ## - ADDED ENTRY ELEMENTS (KOHA) |
| Source of classification or shelving scheme |
|
| Koha item type |
Book |